Loading...
| Fine Arts - Other | 0 | 4 | 1 | 1 | 35 | 74 | 114.75 | 1 | 1 | 0.00 | 0.00 |
| Social Science | 1 | 1 | 0 | 0 | 25 | 69 | 99.00 | 1 | 2 | 0.00 | 0.00 |
| Fine Arts - Auditory | 0 | 3 | 1 | 0 | 25 | 108 | 128.00 | 0 | 0 | 0.00 | 0.00 |
| History - World | 0 | 2 | 0 | 1 | 20 | 90 | 110.50 | 1 | 1 | 0.00 | 0.00 |
| History - Ancient/Other | 0 | 2 | 1 | 2 | 15 | 119 | 136.00 | 0 | 0 | 0.00 | 0.00 |
| Philosophy | 1 | 1 | 2 | 1 | 15 | 68 | 111.00 | 1 | 1 | 0.00 | 0.00 |
| Fine Arts - Visual | 1 | 0 | 1 | 0 | 10 | 68 | 68.00 | 0 | 1 | 0.00 | 0.00 |
| Mythology | 0 | 1 | 0 | 0 | 10 | 74 | 74.00 | 0 | 1 | 0.00 | 0.00 |
| Religion | 0 | 2 | 2 | 0 | 10 | 86 | 95.00 | 0 | 2 | 0.00 | 0.00 |
| Geography | 0 | 1 | 0 | 1 | 10 | 159 | 159.00 | 0 | 0 | 0.00 | 0.00 |
| Literature - World | 0 | 1 | 0 | 0 | 10 | 134 | 134.00 | 1 | 1 | 0.00 | 0.00 |
| Current Events | 0 | 0 | 1 | 0 | -5 | 0.00 | 0 | 0 | 0.00 | 0.00 | |
| Literature - European | 0 | 0 | 1 | 0 | -5 | 0.00 | 0 | 0 | 0.00 | 0.00 | |
| History - American | 0 | 0 | 1 | 0 | -5 | 0.00 | 0 | 0 | 0.00 | 0.00 |